| 000 | 01081cad a22002055a 4500 | ||
|---|---|---|---|
| 001 | L156215 | ||
| 008 | 120503s2012 xxk f 000 0 eng d | ||
| 035 | _a(Sirsi) u156215 | ||
| 041 | 0 | _aeng | |
| 110 | 2 |
_aNationwide Building Society _91019 |
|
| 245 | 0 | 0 |
_aLondon homebuyers pay a significant premium to live close to a tube or train station _h[electronic resource] |
| 260 | _c2012 | ||
| 490 | 0 |
_aNationwide House Price Index _vSpecial Report April 2012 |
|
| 520 | _aLondon homebuyers are paying a significant premium to live close to a tube or train station. Estimates that a £27 000 premium for a property 500m from nearest station compared with a similar property 1 500m from a station. On average, London houses closest to Circle Line stations are the most expensive, those nearest the Metropolitan Line are cheapest. | ||
| 590 | _aKA | ||
| 651 | 4 |
_aUnited Kingdom _y |
|
| 690 |
_aResidential property _96266 |
||
| 856 | 4 | 0 |
_uhttps://www.nationwide.co.uk/hpi/historical/LondonTransportSpecial2012.pdf _zView this item free of charge at www.nationwide.co.uk |
| 942 | _n0 | ||
| 999 |
_c114105 _d114105 |
||